| 000 | 00623nam a2200217Ii 4500 | ||
|---|---|---|---|
| 003 | JO-AjNU | ||
| 008 | 230606s9999||||xx |||||||||||||| ||und|| | ||
| 020 | _a9674939-1-9 | ||
| 040 |
_aJO-AjNU _beng _erda _cJO-AjNU |
||
| 041 | _aeng | ||
| 050 | 1 | 4 | _aTA683.9.N3.2004 |
| 100 | 3 |
_aNaaman,Antoine, _eauthor _95228 |
|
| 245 | 0 | 0 | _aPrestressed Concrete Analysis and Design |
| 250 | _a2 ed | ||
| 264 | 3 | 1 | _aUSA, Techno press 3000 |
| 300 | _a1072p | ||
| 336 |
_atext _btxt _2rdacontent |
||
| 337 |
_aunmediated _bn _2rdamedia |
||
| 338 |
_avolume _bnc _2rdacarrier |
||
| 650 | 4 |
_aPrestressed Concrete Analysis and Design _95229 |
|
| 999 |
_aE2702 _c2700 _d2700 |
||